Quale rapper è? - Statistics

Statistiche generali
  • Questo quiz è stato fatto 228 volte
  • Il punteggio medio è 8 su 13
Statistiche sulle risposte
Hint Risposta % Corretto
Ha interrotto Taylor Swift durante la sua premiazione ai VMA 2009 Kanye West
80%
Sopravvissuto a 9 colpi di pistola, tra cui uno finito sul viso 50 cent
76%
Ritrovato morto nella sua auto dopo 2 che sconosciuti con maschere da diavolo gli hanno sparato a Miami nel 2018 XXXTentacion
76%
Colui che ha perso Rihanna contro Asap Rocky Drake
71%
Il rapper più sopravvalutato della scena rap americana Eminem
71%
Fu ucciso qualche ora dopo aver assistito ad un incontro di Mike Tyson Tupac
66%
Si è impiantato un diamante da 20 milioni di dollari in fronte Lil Uzi Vert
64%
Ha perso ai Grammy 2019 in "miglior album rap" contro "Invasion of privacy" di Cardi B Travis Scott
63%
Nato in Dominica con cittadinanza britannica 21 savage
47%
Ucciso a novembre 2022 per una partita di dadi finita male Takeoff
47%
Fu salvato dall'overdose in casa sua dall'unico poliziotto bianco che era presente Lil Wayne
46%
Secondo molti è un membro degli Illuminati Jay Z
34%
Era il DJ nel famoso video "XXL FRESHMAN 2016" Dj Drama
10%
Nessun quiz corrispondente trovato
Distribuzione punteggi
Percentuale di utenti per punteggio
Percentile per numero di risposta
I tuoi punteggi nel tempo
Non hai fatto questo quiz